[Event "Manhem IM Swiss (Manhem 90 years)"]
[Site "?"]
[Date "1996.08.12"]
[Round "1"]
[White "Wallace, John Paul"]
[Black "Arnelind, Mikael"]
[Result "1/2-1/2"]
[WhiteElo "2365"]
[BlackElo "2140"]
[PlyCount "156"]
[EventDate "1996.08.12"]
[EventType "swiss"]
[EventRounds "9"]

1. d4 Nf6 2. c4 e6 3. Nf3 d5 4. g3 Be7 5. Bg2 Nbd7 6. O-O O-O 7. Qc2 c6 8. Nbd2
b6 9. e4 dxe4 10. Nxe4 Nxe4 11. Qxe4 Bb7 12. Bf4 Nf6 13. Qe2 Re8 14. Ne5 Rc8
15. Rfd1 Bf8 16. Qc2 b5 17. Bg5 h6 18. Bxf6 Qxf6 19. c5 a5 20. Be4 Red8 21.
Bh7+ Kh8 22. Rd3 Rxd4 23. Nxf7+ Qxf7 24. Rxd4 Bxc5 25. Qxc5 Kxh7 26. Rad1 Rc7
27. Qc2+ g6 28. Qd2 Bc8 29. Rf4 Qg7 30. Qxa5 e5 31. Rf6 Bg4 32. Rdd6 Rd7 33.
Qd2 Qxf6 34. Rxd7+ Bxd7 35. Qxd7+ Kg8 36. b3 h5 37. a4 bxa4 38. bxa4 e4 39.
Qe8+ Kg7 40. Qxe4 c5 41. Kg2 Qb6 42. Qa8 c4 43. a5 Qc7 44. a6 c3 45. Qb7 Qxb7+
46. axb7 c2 47. b8=Q c1=Q 48. Qe5+ Kg8 49. Qe8+ Kg7 50. Qe7+ Kg8 51. Qd7 Qc2
52. Kf3 Qc3+ 53. Kg2 Qc2 54. Qd4 Qc6+ 55. Kh3 Qe6+ 56. g4 hxg4+ 57. Qxg4 Qd6
58. Kg2 Qd5+ 59. Kg3 Qe5+ 60. Qf4 Qd5 61. h4 Kh7 62. f3 Qc5 63. Qf7+ Kh6 64.
Qf6 Qg1+ 65. Kf4 Qc1+ 66. Ke5 Qc3+ 67. Ke6 Qc6+ 68. Ke5 Qc3+ 69. Ke6 Qc6+ 70.
Ke7 Qc7+ 71. Ke8 Qc8+ 72. Kf7 Qd7+ 73. Kg8 Qe8+ 74. Qf8+ Qxf8+ 75. Kxf8 g5 76.
h5 Kxh5 77. Kg7 g4 78. fxg4+ Kxg4 1/2-1/2

[Event "Manhem IM Swiss (Manhem 90 years)"]
[Site "?"]
[Date "1996.08.12"]
[Round "1"]
[White "Tonning, Erik"]
[Black "Brynell, Stellan"]
[Result "0-1"]
[WhiteElo "2205"]
[BlackElo "2445"]
[PlyCount "124"]
[EventDate "1996.08.12"]
[EventType "swiss"]
[EventRounds "9"]

1. e4 e6 2. d3 d5 3. Nd2 Nf6 4. Ngf3 b6 5. g3 Be7 6. Bg2 Bb7 7. O-O c5 8. Re1
Nc6 9. e5 Nd7 10. Nf1 Qc7 11. Bf4 O-O-O 12. h4 h6 13. Qd2 Kb8 14. Ne3 Ka8 15.
Nxd5 exd5 16. e6 Qc8 17. exd7 Qxd7 18. d4 f6 19. h5 Qf5 20. a4 c4 21. Qe2 Qxh5
22. a5 bxa5 23. Bc7 Rde8 24. Qd2 Bd8 25. Bd6 Rxe1+ 26. Nxe1 Re8 27. b4 axb4 28.
Bxb4 Bb6 29. Bc3 Qf5 30. Bf3 h5 31. Qd1 g6 32. Ng2 Qd7 33. Nf4 Ne7 34. Qb1 Kb8
35. Qb4 h4 36. g4 g5 37. Nh5 Ng8 38. Rb1 Qc7 39. Qb5 Bc6 40. Qa6 Qb7 41. Qa3
Qc7 42. Bb4 Rd8 43. Bc5 Bb7 44. Bxb6 axb6 45. Qb4 Re8 46. Qb5 Qc6 47. Qxc6 Bxc6
48. Rxb6+ Kc7 49. Rb1 Re7 50. Kf1 Rf7 51. Ra1 Kd6 52. c3 Rb7 53. Bd1 Rb2 54.
Ke1 Bb7 55. Rc1 Bc8 56. Ra1 h3 57. Ra8 h2 58. Ng3 Ne7 59. Ra7 Ng6 60. Rh7 Nf4
61. Rxh2 Nd3+ 62. Kf1 Rb1 0-1

[Event "Manhem IM Swiss (Manhem 90 years)"]
[Site "?"]
[Date "1996.08.12"]
[Round "1"]
[White "Hellsten, Johan"]
[Black "Lahlum, Hans Olav"]
[Result "1-0"]
[WhiteElo "2490"]
[BlackElo "2230"]
[PlyCount "105"]
[EventDate "1996.08.12"]
[EventType "swiss"]
[EventRounds "9"]

1. d4 d5 2. Nf3 c6 3. c4 e6 4. Nbd2 Nf6 5. g3 Nbd7 6. Bg2 Bd6 7. O-O e5 8. cxd5
cxd5 9. dxe5 Nxe5 10. Nxe5 Bxe5 11. Nf3 Bc7 12. Bg5 Be6 13. Qd4 Bb6 14. Bxf6
Qxf6 15. Qxf6 gxf6 16. Rfd1 Ke7 17. Ne1 Rad8 18. Nd3 Rd7 19. Rac1 Rhd8 20. a3
Bf5 21. Nc5 Rc7 22. Na4 Rxc1 23. Rxc1 Rd6 24. Nc3 Be6 25. e3 Rd7 26. Na4 Rd6
27. Bf3 h6 28. Kg2 Kd8 29. Rd1 Kc7 30. Nc3 Kc6 31. h4 a6 32. Rd2 Rd7 33. Na4
Ba7 34. Nc3 Bb6 35. Kf1 Ba7 36. Bg2 b5 37. Ke2 Bb6 38. Kd1 Ba7 39. Bf3 Bb6 40.
Ne2 Kc7 41. Rd3 Kd8 42. Kd2 Ke7 43. Nd4 Rd6 44. Bd1 Bd7 45. Bb3 Ba7 46. Kc3 Bb6
47. Rd2 a5 48. Bd1 a4 49. Be2 Bxd4+ 50. Kxd4 Re6 51. Bd3 Kd6 52. Rc2 Bc6 53.
Rc5 1-0

[Event "Manhem IM Swiss (Manhem 90 years)"]
[Site "?"]
[Date "1996.08.12"]
[Round "1"]
[White "Liljedahl, Lennart"]
[Black "Haveland, Bjorn"]
[Result "1/2-1/2"]
[WhiteElo "2320"]
[BlackElo "1855"]
[PlyCount "106"]
[EventDate "1996.08.12"]
[EventType "swiss"]
[EventRounds "9"]

1. e4 e5 2. Bc4 Nf6 3. d3 Bc5 4. Nf3 d6 5. O-O O-O 6. a4 a5 7. c3 Bg4 8. h3 Bh5
9. Ba2 h6 10. Nbd2 Nc6 11. Nc4 Qd7 12. Be3 Bxe3 13. Nxe3 Ne7 14. g4 Bg6 15. Kh2
Bh7 16. Rg1 Ng6 17. Rg3 Nf4 18. Ng2 Ne6 19. g5 Nxg5 20. Nxg5 hxg5 21. Rxg5 Kh8
22. Bb3 Qe7 23. Qd2 g6 24. Rg1 Nh5 25. Ne3 Nf4 26. Nd5 Nxd5 27. Bxd5 c6 28. Bb3
Kg7 29. f4 exf4 30. Qxf4 f6 31. R5g3 Rae8 32. Bc2 Qe5 33. Qg4 Qe6 34. Qxe6 Rxe6
35. d4 g5 36. h4 Bxe4 37. Bxe4 Rxe4 38. hxg5 Re2+ 39. R1g2 Rxg2+ 40. Kxg2 f5
41. Re3 Kg6 42. Re6+ Kxg5 43. Rxd6 Kf4 44. Rd7 b5 45. d5 cxd5 46. axb5 Ke4 47.
Re7+ Kd3 48. Ra7 Kc2 49. b6 Rb8 50. Rxa5 Rxb6 51. Rxd5 Rxb2 52. Rc5 Kd3+ 53.
Kf3 Rc2 1/2-1/2

[Event "Manhem IM Swiss (Manhem 90 years)"]
[Site "?"]
[Date "1996.08.12"]
[Round "1"]
[White "Ronneland, Daniel"]
[Black "Pisulinski, Jan"]
[Result "1/2-1/2"]
[WhiteElo "2190"]
[BlackElo "2400"]
[PlyCount "106"]
[EventDate "1996.08.12"]
[EventType "swiss"]
[EventRounds "9"]

1. d4 Nf6 2. Nf3 e6 3. c4 b6 4. a3 Ba6 5. Qc2 Bb7 6. Nc3 c5 7. e4 cxd4 8. Nxd4
Nc6 9. Nxc6 Bxc6 10. Be2 Qb8 11. f3 h5 12. Be3 Bd6 13. g3 h4 14. O-O-O hxg3 15.
hxg3 Rxh1 16. Rxh1 Ke7 17. f4 Bc5 18. Bxc5+ bxc5 19. Bf3 d6 20. Qe2 Qb6 21.
Nd5+ Bxd5 22. exd5 Re8 23. dxe6 fxe6 24. g4 Qb3 25. g5 Nd7 26. Bg4 Nf8 27. Rh3
Qa4 28. Re3 Kf7 29. Qd3 g6 30. Qc3 d5 31. Qf6+ Kg8 32. Be2 Qd7 33. Bg4 dxc4 34.
Qc3 Qd4 35. Qxd4 cxd4 36. Re4 Rd8 37. Bxe6+ Nxe6 38. Rxe6 Kg7 39. Rc6 Rf8 40.
Rxc4 Rxf4 41. Rc7+ Rf7 42. Rxf7+ Kxf7 43. Kd2 Ke6 44. b4 Kf5 45. a4 Ke4 46. a5
Kd5 47. b5 Kc5 48. Kd3 Kxb5 49. Kxd4 Kxa5 50. Ke5 Kb4 51. Kf6 a5 52. Kxg6 a4
53. Kf7 a3 1/2-1/2

[Event "Manhem IM Swiss (Manhem 90 years)"]
[Site "?"]
[Date "1996.08.12"]
[Round "1"]
[White "Furhoff, Johan"]
[Black "Rychagov, Mikhail"]
[Result "0-1"]
[WhiteElo "2330"]
[BlackElo "2495"]
[PlyCount "102"]
[EventDate "1996.08.12"]
[EventType "swiss"]
[EventRounds "9"]

1. e4 c5 2. Nf3 e6 3. d4 cxd4 4. Nxd4 Nf6 5. Nc3 d6 6. Be3 a6 7. f4 b5 8. Bd3
Bb7 9. a3 Nbd7 10. O-O Rc8 11. Qf3 g6 12. Nde2 Bg7 13. Qh3 O-O 14. Rad1 Qe7 15.
g4 Nc5 16. Ng3 d5 17. e5 Nfd7 18. g5 Rfd8 19. Bd4 Nxd3 20. cxd3 Nc5 21. Nge2
Nb3 22. Bb6 Re8 23. Nd4 b4 24. Nb1 bxa3 25. bxa3 Nxd4 26. Bxd4 Bf8 27. Rc1 Qd7
28. Qg2 Qa4 29. Qb2 Bc6 30. Bc5 Bxc5+ 31. Rxc5 Bb5 32. Rc3 Qd4+ 33. Qf2 Qxf2+
34. Kxf2 Rxc3 35. Nxc3 Bxd3 36. Rc1 Kg7 37. Ke3 Bc4 38. Rb1 h6 39. gxh6+ Kxh6
40. Rb7 Kg7 41. Na4 g5 42. fxg5 Rh8 43. Nb6 Rxh2 44. Nc8 Rh3+ 45. Kd4 Rxa3 46.
Ra7 Kg6 47. Nd6 Rf3 48. Ra8 Kxg5 49. Rg8+ Kh6 50. Ne8 Rf4+ 51. Kc5 Bd3 0-1

[Event "Manhem IM Swiss (Manhem 90 years)"]
[Site "?"]
[Date "1996.08.12"]
[Round "1"]
[White "Ivanov, Michail"]
[Black "Andersson, Goran"]
[Result "1/2-1/2"]
[WhiteElo "2465"]
[BlackElo "2205"]
[PlyCount "94"]
[EventDate "1996.08.12"]
[EventType "swiss"]
[EventRounds "9"]

1. Nf3 c5 2. c4 Nf6 3. Nc3 d5 4. d4 cxd4 5. Nxd4 e5 6. Nc2 d4 7. Nb1 Bf5 8. a3
Nc6 9. b4 Bd6 10. g3 Qd7 11. Bg2 Bh3 12. Kf1 Rd8 13. Kg1 Bxg2 14. Kxg2 Qe6 15.
Nd2 O-O 16. Bb2 Bb8 17. Rc1 Rd7 18. Nb3 b6 19. b5 Ne7 20. Nb4 Ne4 21. Qc2 f5
22. Rhd1 Nc5 23. e3 dxe3 24. fxe3 f4 25. exf4 exf4 26. Nd4 Qg4 27. Rf1 Rxd4 28.
Bxd4 f3+ 29. Kh1 Qxd4 30. Rcd1 Qf6 31. Rf2 Ng6 32. Nc6 Ne5 33. Nxe5 Qxe5 34.
Rdf1 Qh5 35. Kg1 Be5 36. Qd1 Bf6 37. Rxf3 Qf7 38. Rf4 Qe7 39. Qd5+ Kh8 40. Rd1
h6 41. Kg2 Re8 42. Rf2 Qe4+ 43. Qxe4 Rxe4 44. Rf4 Re2+ 45. Rf2 Re3 46. Rf3 Re2+
47. Rf2 Re3 1/2-1/2

[Event "Manhem IM Swiss (Manhem 90 years)"]
[Site "?"]
[Date "1996.08.12"]
[Round "1"]
[White "Berg, Bo"]
[Black "Zolnierowicz, Krzystof"]
[Result "0-1"]
[WhiteElo "2090"]
[BlackElo "2360"]
[PlyCount "88"]
[EventDate "1996.08.12"]
[EventType "swiss"]
[EventRounds "9"]

1. e4 d5 2. d4 dxe4 3. Nc3 Nf6 4. f3 exf3 5. Nxf3 Bg4 6. Bg5 e6 7. Qd3 Bxf3 8.
Qxf3 c6 9. O-O-O Nbd7 10. d5 cxd5 11. Nxd5 exd5 12. Rxd5 a6 13. Bc4 Qc7 14.
Rxd7 Qxd7 15. Bxf6 gxf6 16. Qxf6 Bg7 17. Qxg7 O-O-O 18. Bd3 Kb8 19. g3 Rhe8 20.
Rf1 Qe6 21. Qc3 Qxa2 22. b3 Rxd3 23. Qxd3 Qa1+ 24. Kd2 Qa5+ 25. Kc1 Rd8 26.
Qxd8+ Qxd8 27. Rxf7 h5 28. Rf4 Qd5 29. Rh4 a5 30. Kb2 Kc7 31. Rc4+ Kd7 32. Rf4
Qe5+ 33. Kb1 Ke6 34. Ra4 Kf5 35. Kc1 Kg5 36. Kb1 b6 37. Rh4 Qc3 38. Rf4 Qe1+
39. Ka2 Qe2 40. h4+ Kg6 41. Rc4 Qf3 42. Rc8 Kf7 43. Rc7+ Kf6 44. Rh7 Kg6 0-1

[Event "Manhem IM Swiss (Manhem 90 years)"]
[Site "?"]
[Date "1996.08.12"]
[Round "1"]
[White "Rambo, Jan"]
[Black "Laveryd, Peter"]
[Result "0-1"]
[WhiteElo "1790"]
[BlackElo "2310"]
[PlyCount "82"]
[EventDate "1996.08.12"]
[EventType "swiss"]
[EventRounds "9"]

1. c4 b6 2. Nc3 e6 3. d4 Bb7 4. Nf3 Bb4 5. Bg5 f6 6. Bd2 f5 7. g3 Nf6 8. Bg2
O-O 9. O-O d6 10. d5 Na6 11. Nd4 Nc5 12. dxe6 Bxg2 13. Kxg2 Bxc3 14. Bxc3 Nfe4
15. Nc6 Nxc3 16. bxc3 Qe8 17. Qd5 Qxe6 18. Nd4 Qf7 19. f3 Rae8 20. Kf2 Kh8 21.
Qxf7 Rxf7 22. a4 a5 23. Ra2 g6 24. Nc6 Rf6 25. Nd4 Kg7 26. Rd1 Rf7 27. Nc6 Nd7
28. Rd5 Rf6 29. Rdd2 Rfe6 30. Nd4 Re5 31. Nb3 Nf6 32. Rd3 g5 33. e3 Kg6 34. Re2
g4 35. f4 Ne4+ 36. Kg2 R5e7 37. Re1 h5 38. h4 gxh3+ 39. Kf3 Nf6 40. Nd2 Ng4 41.
e4 fxe4+ 0-1

[Event "Manhem IM Swiss (Manhem 90 years)"]
[Site "?"]
[Date "1996.08.12"]
[Round "1"]
[White "Berg, Emanuel"]
[Black "Gdanski, Jacek"]
[Result "0-1"]
[WhiteElo "2215"]
[BlackElo "2485"]
[PlyCount "80"]
[EventDate "1996.08.12"]
[EventType "swiss"]
[EventRounds "9"]

1. e4 e6 2. d4 d5 3. Nc3 Bb4 4. e5 Ne7 5. Nf3 b6 6. a3 Bxc3+ 7. bxc3 Ba6 8.
Bxa6 Nxa6 9. Qd3 Nb8 10. O-O Nbc6 11. Bg5 h6 12. Bxe7 Nxe7 13. a4 O-O 14. Nd2
c5 15. a5 c4 16. Qh3 bxa5 17. f4 Rb8 18. Ra2 Rb5 19. g4 f5 20. exf6 Rxf6 21.
Qe3 Qd6 22. Qe5 Qxe5 23. dxe5 Rf8 24. Kg2 Nc6 25. h4 d4 26. cxd4 Nb4 27. Ra3
Nxc2 28. Rc3 Nxd4 29. Rxc4 Rb4 30. Rf2 Rxc4 31. Nxc4 a4 32. Nd6 a3 33. f5 Rb8
34. Nc4 Rb3 35. Rd2 Nb5 36. f6 gxf6 37. exf6 Rb4 38. Ne5 Rb2 39. Nc4 Rxd2+ 40.
Nxd2 Nd4 0-1

[Event "Manhem IM Swiss (Manhem 90 years)"]
[Site "?"]
[Date "1996.08.12"]
[Round "1"]
[White "Svensson, Bengt"]
[Black "Backlund, Anders"]
[Result "0-1"]
[WhiteElo "2405"]
[BlackElo "2190"]
[PlyCount "76"]
[EventDate "1996.08.12"]
[EventType "swiss"]
[EventRounds "9"]

1. e4 e6 2. d4 d5 3. Nc3 Bb4 4. e5 c5 5. Bd2 Ne7 6. dxc5 O-O 7. f4 Nd7 8. a3
Bxc5 9. Nf3 f6 10. exf6 Nxf6 11. Bd3 Nc6 12. Qe2 a6 13. O-O-O b5 14. Ne5 Qc7
15. Nxc6 Qxc6 16. g4 e5 17. fxe5 Nxg4 18. Rdf1 Nf2 19. Rhg1 Nxd3+ 20. Qxd3 Bxg1
21. Rxg1 Bb7 22. Ne2 Rae8 23. Qg3 Qg6 24. Qxg6 hxg6 25. Nf4 d4 26. Nxg6 Rf2 27.
Bb4 Be4 28. Ne7+ Kf7 29. Rg4 Rxc2+ 30. Kb1 Re2+ 31. Kc1 Rxe7 32. Bxe7 Kxe7 33.
Rxg7+ Ke6 34. Ra7 d3 35. Rxa6+ Kxe5 36. Rb6 d2+ 37. Kd1 Rxh2 38. Rxb5+ Kf4 0-1

[Event "Manhem IM Swiss (Manhem 90 years)"]
[Site "?"]
[Date "1996.08.12"]
[Round "1"]
[White "Wikstrom, Per"]
[Black "Nei, Iivo"]
[Result "0-1"]
[WhiteElo "2145"]
[BlackElo "2380"]
[PlyCount "76"]
[EventDate "1996.08.12"]
[EventType "swiss"]
[EventRounds "9"]

1. d4 d5 2. c4 e6 3. Nc3 c6 4. Nf3 dxc4 5. a4 Bb4 6. Bd2 c5 7. e3 Nc6 8. dxc5
Bxc5 9. Bxc4 Nf6 10. O-O O-O 11. Qb1 e5 12. h3 Qe7 13. Ng5 g6 14. e4 Nd4 15.
Kh1 h6 16. Nxf7 Rxf7 17. b4 Bd6 18. Bxh6 Be6 19. Bxe6 Qxe6 20. f4 Nh5 21. Qd3
exf4 22. Qxd4 Ng3+ 23. Kg1 Be5 24. Qd5 Qxd5 25. Nxd5 Bxa1 26. Rxa1 Re8 27. Re1
Rxe4 28. Rxe4 Nxe4 29. Bxf4 Nc3 30. Nxc3 Rxf4 31. Nd5 Rd4 32. Ne7+ Kf7 33. Nc8
Rxb4 34. Nxa7 Rxa4 35. Nb5 Rb4 36. Nc3 Rb2 37. Kh2 b5 38. Kg3 Rb3 0-1

[Event "Manhem IM Swiss (Manhem 90 years)"]
[Site "?"]
[Date "1996.08.12"]
[Round "1"]
[White "Moberg, Karl Johan"]
[Black "Trolle, Gustav"]
[Result "1-0"]
[WhiteElo "2390"]
[BlackElo "2170"]
[PlyCount "73"]
[EventDate "1996.08.12"]
[EventType "swiss"]
[EventRounds "9"]

1. e4 c5 2. Nf3 d6 3. d4 cxd4 4. Nxd4 Nf6 5. Nc3 g6 6. Be3 Bg7 7. f3 Nc6 8. Qd2
O-O 9. O-O-O d5 10. Kb1 Nxd4 11. e5 Nd7 12. Bxd4 Nxe5 13. Qe3 f6 14. Bxe5 fxe5
15. Nxd5 Kh8 16. h4 Be6 17. Bc4 Qa5 18. h5 Bxd5 19. Bxd5 Rad8 20. Be4 gxh5 21.
Rxd8 Rxd8 22. a3 Qd2 23. Qxd2 Rxd2 24. Bxb7 Rxg2 25. Be4 Bf6 26. Rxh5 Rg7 27.
c4 Bg5 28. Bxh7 Rxh7 29. Rxg5 Rh4 30. Rxe5 Rxc4 31. Rxe7 Ra4 32. Ka2 Kg8 33. b4
Kf8 34. Re6 Kf7 35. Rh6 Kg7 36. Rc6 a5 37. Kb3 1-0

[Event "Manhem IM Swiss (Manhem 90 years)"]
[Site "?"]
[Date "1996.08.12"]
[Round "1"]
[White "Ingbrandt, Johan"]
[Black "Vark, Liina"]
[Result "1-0"]
[WhiteElo "2355"]
[BlackElo "2040"]
[PlyCount "53"]
[EventDate "1996.08.12"]
[EventType "swiss"]
[EventRounds "9"]

1. d4 Nf6 2. c4 g6 3. Nc3 d5 4. Nf3 Bg7 5. e3 O-O 6. cxd5 Nxd5 7. Bc4 Nxc3 8.
bxc3 Nc6 9. Ba3 b6 10. O-O Bb7 11. Rc1 Rc8 12. Qe2 Na5 13. Ba6 Re8 14. Rfd1 e6
15. Bxb7 Nxb7 16. Qa6 Nd6 17. c4 Nf5 18. Bb4 Ra8 19. c5 Qd5 20. Qd3 Qd8 21. g3
e5 22. dxe5 Qxd3 23. Rxd3 Bxe5 24. Rd7 bxc5 25. Bxc5 Bd6 26. Bxd6 cxd6 27. Rcc7
1-0

[Event "Manhem IM Swiss (Manhem 90 years)"]
[Site "?"]
[Date "1996.08.13"]
[Round "2"]
[White "Laveryd, Peter"]
[Black "Moberg, Karl Johan"]
[Result "1-0"]
[WhiteElo "2310"]
[BlackElo "2390"]
[PlyCount "103"]
[EventDate "1996.08.12"]
[EventType "swiss"]
[EventRounds "9"]

1. e4 e5 2. Nf3 Nc6 3. d4 exd4 4. Nxd4 Nf6 5. Nxc6 bxc6 6. e5 Qe7 7. Qe2 Nd5 8.
c4 Nb6 9. Nc3 Qe6 10. Qe4 Bb7 11. Bd3 O-O-O 12. O-O Re8 13. Re1 Bb4 14. Bd2
Bxc3 15. Bxc3 Na4 16. Qe3 c5 17. Rab1 f6 18. exf6 Qxe3 19. Rxe3 Nxc3 20. fxg7
Nxb1 21. gxh8=Q Rxh8 22. Bxb1 d5 23. Bf5+ Kb8 24. f3 dxc4 25. h4 Bd5 26. Re5 c6
27. Re7 h6 28. a3 Ka8 29. Bg6 Rb8 30. Re8 Rxe8 31. Bxe8 Kb7 32. Kf2 Kb6 33. g4
Kb5 34. f4 Ka4 35. h5 Kb3 36. g5 hxg5 37. h6 Be4 38. Ke3 Bf5 39. fxg5 Kxb2 40.
g6 c3 41. h7 c2 42. h8=Q+ Kb1 43. Kf4 c1=Q+ 44. Kxf5 Qc2+ 45. Ke6 Qc4+ 46. Kd7
Qd3+ 47. Kc7 Qg3+ 48. Kb7 Qb3+ 49. Ka8 Qe6 50. Bf7 Qe7 51. g7 Qxf7 52. g8=Q 1-0

[Event "Manhem IM Swiss (Manhem 90 years)"]
[Site "?"]
[Date "1996.08.13"]
[Round "2"]
[White "Pisulinski, Jan"]
[Black "Liljedahl, Lennart"]
[Result "1-0"]
[WhiteElo "2400"]
[BlackElo "2320"]
[PlyCount "93"]
[EventDate "1996.08.12"]
[EventType "swiss"]
[EventRounds "9"]

1. d4 Nf6 2. c4 e6 3. Nc3 Bb4 4. Qc2 b6 5. a3 Bxc3+ 6. Qxc3 Bb7 7. Bg5 h6 8.
Bh4 d6 9. f3 Qe7 10. e3 Nbd7 11. Bd3 e5 12. O-O-O c5 13. Bf5 O-O-O 14. dxc5
bxc5 15. Ne2 Kb8 16. Rd2 Nb6 17. Rhd1 g6 18. Bc2 Ka8 19. f4 g5 20. Bg3 exf4 21.
exf4 Ne4 22. Bxe4 Qxe4 23. b3 Rhe8 24. fxg5 hxg5 25. Ng1 d5 26. Bc7 Rc8 27.
Bxb6 axb6 28. cxd5 g4 29. g3 Qg6 30. Ne2 Qd6 31. Qc4 Re3 32. Nc3 Qe5 33. Rd3
Rd8 34. Qa4+ Kb8 35. Qxg4 Ba6 36. Rxe3 Qxe3+ 37. Kc2 b5 38. Qe4 Qh6 39. Rd2 Qb6
40. Qf4+ Qc7 41. d6 Qc6 42. Qxf7 Rd7 43. Qd5 Bb7 44. Qxc6 Bxc6 45. b4 cxb4 46.
axb4 Kc8 47. Ne2 1-0

[Event "Manhem IM Swiss (Manhem 90 years)"]
[Site "?"]
[Date "1996.08.13"]
[Round "2"]
[White "Brynell, Stellan"]
[Black "Gullaksen, Eirik"]
[Result "1/2-1/2"]
[WhiteElo "2445"]
[BlackElo "2325"]
[PlyCount "84"]
[EventDate "1996.08.12"]
[EventType "swiss"]
[EventRounds "9"]

1. e4 c5 2. Nf3 Nc6 3. c3 d6 4. d4 Nf6 5. Bd3 g6 6. O-O Bg7 7. h3 O-O 8. Be3 b6
9. d5 Ne5 10. Nxe5 dxe5 11. a4 e6 12. dxe6 Bxe6 13. Qe2 Qc7 14. Nd2 Rfd8 15.
Bc4 Qc6 16. Bg5 h6 17. Bxf6 Bxc4 18. Nxc4 Bxf6 19. Qc2 Rd7 20. Rfd1 Rad8 21.
Rxd7 Rxd7 22. b3 Kg7 23. f3 a6 24. Qe2 Qe6 25. Rd1 b5 26. axb5 axb5 27. Rxd7
Qxd7 28. Nb6 Qc6 29. Nd5 Qa6 30. Nc7 Qb6 31. Ne8+ Kh8 32. Nxf6 c4+ 33. Kf1 cxb3
34. Qb2 Qxf6 35. Qxb3 Qa6 36. Qxf7 b4+ 37. c4 b3 38. Qf8+ Kh7 39. Qf7+ Kh8 40.
Qe8+ Kh7 41. Qe7+ Kg8 42. Qe8+ Kh7 1/2-1/2

[Event "Manhem IM Swiss (Manhem 90 years)"]
[Site "?"]
[Date "1996.08.13"]
[Round "2"]
[White "Elsness, Frode"]
[Black "Hellsten, Johan"]
[Result "1/2-1/2"]
[WhiteElo "2350"]
[BlackElo "2490"]
[PlyCount "82"]
[EventDate "1996.08.12"]
[EventType "swiss"]
[EventRounds "9"]

1. d4 d5 2. c4 c6 3. Nc3 Nf6 4. Nf3 dxc4 5. a4 Bg4 6. Ne5 Bh5 7. f3 Nfd7 8.
Nxc4 e5 9. e4 Qh4+ 10. g3 Qf6 11. dxe5 Qxf3 12. Nd6+ Kd8 13. Qxf3 Bxf3 14.
Nxf7+ Ke8 15. e6 Nc5 16. Bc4 Bxh1 17. Nxh8 Bf3 18. Nf7 Bg4 19. Ng5 Be7 20. Nxh7
Bxe6 21. Bxe6 Nxe6 22. Be3 Kf7 23. h4 Kg6 24. Ng5 Nxg5 25. hxg5 Bxg5 26. Bxg5
Kxg5 27. O-O-O Na6 28. Rd7 Nc5 29. Rxg7+ Kf6 30. Rg4 a5 31. Kd2 Rd8+ 32. Ke3
Rd3+ 33. Ke2 Rd4 34. e5+ Kxe5 35. Rxd4 Kxd4 36. g4 Ke5 37. Ke3 b6 38. Kf3 Nd3
39. Nd1 Kf6 40. Ke3 Ne5 41. Kf4 Nd3+ 1/2-1/2

[Event "Manhem IM Swiss (Manhem 90 years)"]
[Site "?"]
[Date "1996.08.13"]
[Round "2"]
[White "Vark, Liina"]
[Black "Berg, Emanuel"]
[Result "0-1"]
[WhiteElo "2040"]
[BlackElo "2215"]
[PlyCount "78"]
[EventDate "1996.08.12"]
[EventType "swiss"]
[EventRounds "9"]

1. d4 e6 2. c4 Nf6 3. Nf3 b6 4. g3 Bb7 5. Bg2 Be7 6. Nc3 O-O 7. O-O Ne4 8. Nxe4
Bxe4 9. b3 c5 10. Bb2 Bf6 11. Qd2 Nc6 12. dxc5 Bxb2 13. Qxb2 bxc5 14. Ne1 Bxg2
15. Kxg2 Qe7 16. Nd3 d6 17. Qd2 a5 18. Nb2 Rfd8 19. Rfd1 Nd4 20. Rac1 Qf6 21.
Na4 g5 22. h3 h5 23. Qe3 Qg6 24. Kh2 f5 25. Nc3 Kh7 26. Nb5 f4 27. Qd3 Qxd3 28.
Rxd3 e5 29. Nc3 g4 30. hxg4 hxg4 31. Rh1 Kg6 32. Kg2 Rh8 33. Rxh8 Rxh8 34. gxf4
exf4 35. Rd2 Kf5 36. Nb5 f3+ 37. exf3 gxf3+ 38. Kg3 Rg8+ 39. Kh3 Kf4 0-1

[Event "Manhem IM Swiss (Manhem 90 years)"]
[Site "?"]
[Date "1996.08.13"]
[Round "2"]
[White "Andersson, Goran"]
[Black "Ronneland, Daniel"]
[Result "0-1"]
[WhiteElo "2205"]
[BlackElo "2190"]
[PlyCount "72"]
[EventDate "1996.08.12"]
[EventType "swiss"]
[EventRounds "9"]

1. e4 c5 2. Nf3 Nc6 3. d4 cxd4 4. Nxd4 Nf6 5. Nc3 e5 6. Ndb5 d6 7. Bg5 a6 8.
Na3 b5 9. Nd5 Be7 10. Bxf6 Bxf6 11. c3 Rb8 12. Nc2 Bg5 13. a4 bxa4 14. Ncb4 Bd7
15. Rxa4 a5 16. Nxc6 Bxc6 17. Ra2 O-O 18. Bc4 Kh8 19. b3 g6 20. O-O Bh6 21. Qd3
f5 22. Rfa1 Ra8 23. Rd1 Qh4 24. exf5 gxf5 25. Nc7 Be4 26. Qxd6 Rad8 27. Qxe5+
Bg7 28. Rxd8 Rxd8 29. Qb5 Qf4 30. Ra1 Qxc7 31. f3 Bxc3 32. Rc1 Bd2 33. Rf1 Bc2
34. Qa6 Qd6 35. Qb7 Bd3 36. Bxd3 Qxd3 0-1

[Event "Manhem IM Swiss (Manhem 90 years)"]
[Site "?"]
[Date "1996.08.13"]
[Round "2"]
[White "Trolle, Gustav"]
[Black "Rambo, Jan"]
[Result "1-0"]
[WhiteElo "2170"]
[BlackElo "1790"]
[PlyCount "71"]
[EventDate "1996.08.12"]
[EventType "swiss"]
[EventRounds "9"]

1. e4 e5 2. Nf3 Nc6 3. Bb5 a6 4. Ba4 Nf6 5. O-O Be7 6. Re1 b5 7. Bb3 d6 8. h3
Na5 9. Nc3 c5 10. Bd5 Nxd5 11. Nxd5 Bb7 12. c3 Bxd5 13. exd5 f5 14. b4 cxb4 15.
cxb4 Nc4 16. Qb3 O-O 17. d3 Nb6 18. Nxe5 dxe5 19. d6+ Kh8 20. dxe7 Qxe7 21. Bb2
e4 22. Bd4 Nd7 23. Rad1 a5 24. bxa5 Rxa5 25. dxe4 fxe4 26. Bxg7+ Qxg7 27. Rxd7
Qf6 28. Qc2 Ra4 29. Rc7 Rf7 30. Rxf7 Qxf7 31. Qb2+ Kg8 32. Qxb5 Rxa2 33. Qb8+
Kg7 34. Qg3+ Qg6 35. Qxg6+ hxg6 36. Rxe4 1-0

[Event "Manhem IM Swiss (Manhem 90 years)"]
[Site "?"]
[Date "1996.08.13"]
[Round "2"]
[White "Haveland, Bjorn"]
[Black "Wallace, John Paul"]
[Result "0-1"]
[WhiteElo "1855"]
[BlackElo "2365"]
[PlyCount "72"]
[EventDate "1996.08.12"]
[EventType "swiss"]
[EventRounds "9"]

1. e4 Nf6 2. Nc3 d5 3. exd5 Nxd5 4. Bc4 Nb6 5. Bb3 Nc6 6. Qf3 e6 7. Nge2 Be7 8.
d3 O-O 9. O-O Kh8 10. Re1 e5 11. Bd2 f5 12. Rad1 Na5 13. Nc1 Bd6 14. Nb5 Nxb3
15. Nxb3 Qe8 16. Nxd6 cxd6 17. Nc1 Be6 18. Qe2 Rc8 19. Bb4 Qg6 20. f3 Bd7 21.
c4 Rfe8 22. b3 f4 23. Qe4 Qh5 24. Qxb7 Re6 25. Qxa7 d5 26. Ba5 Ra8 27. Qc7 Rh6
28. Bxb6 Qxh2+ 29. Kf1 Bh3 30. Re2 Rg6 31. Qxe5 Bxg2+ 32. Ke1 h6 33. Qxd5 Rf8
34. Bf2 Qh3 35. Kd2 Bxf3 36. Qd6 Rxd6 0-1

[Event "Manhem IM Swiss (Manhem 90 years)"]
[Site "?"]
[Date "1996.08.13"]
[Round "2"]
[White "Wikstrom, Per"]
[Black "Hultin, Johan"]
[Result "0-1"]
[WhiteElo "2145"]
[BlackElo "2335"]
[PlyCount "64"]
[EventDate "1996.08.12"]
[EventType "swiss"]
[EventRounds "9"]

1. d4 Nf6 2. c4 e6 3. Nc3 Bb4 4. Qc2 O-O 5. a3 Bxc3+ 6. Qxc3 Qe8 7. f3 d6 8. e4
c5 9. dxc5 dxc5 10. Be3 b6 11. e5 Nfd7 12. Bd3 Bb7 13. Ne2 Nc6 14. f4 f6 15.
exf6 Nxf6 16. h3 Ne7 17. Rg1 Nf5 18. Bf2 Nd6 19. Qe5 Nfe4 20. g4 Rd8 21. Rd1
Nf7 22. Qh5 g6 23. Qh4 g5 24. fxg5 Ne5 25. Bxe4 Bxe4 26. Rxd8 Qxd8 27. Rg3 Nd3+
28. Rxd3 Qxd3 29. Nc3 Bg2 30. Ne2 Rd8 31. Bd4 Bf3 32. Qh6 Qxe2# 0-1

[Event "Manhem IM Swiss (Manhem 90 years)"]
[Site "?"]
[Date "1996.08.13"]
[Round "2"]
[White "Nei, Iivo"]
[Black "Backlund, Anders"]
[Result "1-0"]
[WhiteElo "2380"]
[BlackElo "2190"]
[PlyCount "59"]
[EventDate "1996.08.12"]
[EventType "swiss"]
[EventRounds "9"]

1. c4 c5 2. Nc3 Nc6 3. Nf3 e5 4. e3 Nf6 5. Be2 d6 6. O-O Be7 7. d4 cxd4 8. exd4
O-O 9. d5 Nb8 10. h3 Ne8 11. Rb1 f5 12. b4 Nd7 13. Qb3 Kh8 14. Bb2 Rf6 15. Ng5
Nf8 16. f4 Ng6 17. fxe5 Nxe5 18. Nb5 Rf8 19. Ne6 Bxe6 20. dxe6 a6 21. Nd4 f4
22. Rbd1 Qb6 23. Kh1 Nc7 24. Nf3 Nc6 25. Bc3 Bf6 26. Rxd6 Bxc3 27. Qxc3 Rae8
28. Ng5 h6 29. Rd7 Re7 30. c5 1-0